000 006660000a22001930004500
999 _c54530
_d54530
001 768714001
003 CO-MdFUSB
005 20170829095448.0
008 170829s2004 xxu||||| |||| 00| 0 eng d
022 _a0120-3649
040 _aCO-MdFUSB
_bspa
_cCO-MdFUSB
_dCO-MdFUSB
041 _aeng
100 1 _aByle, Ann
_eautor
245 1 0 _aUpdate- Finds or fakes? Israel antiquities authority :
_btoo much booze nabs golan forger
_c/ Byle, Ann
300 _aVolumen 30. Número 5 (2004), páginas 55
_c: 28 cm.
546 _aTexto en inglés
773 0 _tBiblical Archaeology Review
_049395
_959455
_gVolumen 30. Número 5 (2004), páginas 55
_qPágina 55
942 _cANA